[Event "29th Czech Open B 2018"]
[Site "Pardubice CZE"]
[Date "2018.07.24"]
[Round "5.21"]
[White "Vlkova, Anezka"]
[Black "Itgelt, Khuyagtsogt"]
[Result "0-1"]
[WhiteElo "1889"]
[BlackElo "2018"]
[WhiteFideId "364339"]
[BlackFideId "4902912"]
[EventDate "2018.07.20"]

1. e4 e6 2. d4 d5 3. Nc3 Nf6 4. e5 Nfd7 5. f4 c5 6. Nf3 Be7 7. Be3 O-O 8. Bd3
Nc6 9. O-O b6 10. a3 f5 11. exf6 Nxf6 12. Ne5 Bb7 13. f5 Nxd4 14. fxe6 Nxe6 15.
Qf3 Qd6 16. Ng4 Ne4 17. Qh3 N6g5 18. Bxg5 Bxg5 19. Rfe1 Rae8 20. Rad1 Qg6 21.
Bb5 Re7 22. Nxd5 Bxd5 23. Rxd5 Nf2 24. Qc3 Rxe1+ 25. Qxe1 Nxg4 26. Rd3 Qh6 27.
h3 Be3+ 0-1

[Event "29th Czech Open B 2018"]
[Site "Pardubice CZE"]
[Date "2018.07.24"]
[Round "5.22"]
[White "Sheinkman, Lidan"]
[Black "Hiemer, Bernd"]
[Result "1/2-1/2"]
[WhiteElo "1720"]
[BlackElo "2014"]
[WhiteFideId "2818515"]
[BlackFideId "4691512"]
[EventDate "2018.07.20"]

1. d4 Nf6 2. Bg5 d6 3. e3 Nbd7 4. Nd2 g6 5. Ngf3 Bg7 6. c3 c6 7. Bd3 O-O 8. e4
Qc7 9. h3 e5 10. O-O Nh5 11. dxe5 dxe5 12. Bc2 Nc5 13. Nc4 f6 14. Be3 Rd8 15.
Qe2 Ne6 16. Rfd1 b5 17. Rxd8+ Nxd8 18. Ncd2 Ne6 19. Bb3 Kh8 20. Bxe6 Bxe6 21. g4
Nf4 22. Bxf4 exf4 23. Nd4 Bf7 24. a4 bxa4 25. Rxa4 c5 26. N4f3 a5 27. b4 cxb4
28. cxb4 Be8 29. Rxa5 Rxa5 30. bxa5 Qxa5 31. Qd3 Qa8 32. Nc4 Bb5 33. Qb3 Bc6 34.
Nd6 h6 35. Qe6 Kh7 36. h4 Qg8 37. Qe7 Qf8 38. Qc7 Qa8 39. Qe7 Qf8 40. Qc7 Qa8
41. Qe7 Qf8 1/2-1/2

[Event "29th Czech Open B 2018"]
[Site "Pardubice CZE"]
[Date "2018.07.24"]
[Round "5.23"]
[White "Kuzmin, G."]
[Black "Tunger, Mario"]
[Result "1-0"]
[WhiteElo "2298"]
[BlackElo "1946"]
[WhiteFideId "4132041"]
[BlackFideId "4693221"]
[EventDate "2018.07.20"]

1. d4 d5 2. Nf3 Nf6 3. c4 c6 4. Nc3 e6 5. Bg5 Nbd7 6. e3 Qa5 7. Nd2 Bb4 8. Qc2
dxc4 9. Bxf6 Nxf6 10. Nxc4 Qd8 11. Bd3 h6 12. O-O Nd5 13. Rfd1 Qc7 14. e4 Nxc3
15. bxc3 Be7 16. Qe2 Bd7 17. Rab1 Rd8 18. Ne5 Bc8 19. h3 Bd6 20. Nc4 Be7 21. Qg4
Kf8 22. Qf3 Kg8 23. Ne3 h5 24. e5 Rf8 25. Qe2 Bg5 26. Nc4 Be7 27. Be4 Bd7 28.
Bf3 h4 29. Ne3 Bg5 30. Ng4 Rd8 31. c4 Bc8 32. Rb3 Re8 33. Ra3 a6 34. c5 f5 35.
exf6 gxf6 36. Ne3 Rh7 37. Nc4 Bf4 38. Nb6 Rg7 39. d5 cxd5 40. Nxd5 Qe5 41. Nxf4
Qxf4 42. Rad3 Qc7 43. Qe3 Rg5 44. c6 bxc6 45. Qd4 Kg7 46. Kh1 c5 47. Qxh4 Rh8
48. Qa4 Kg6 49. Be4+ f5 50. Bf3 c4 51. Rc1 Qc5 52. Qc2 Qb6 53. Rc3 Bb7 54. Qe2
Bd5 55. Bxd5 exd5 56. Re3 Qc5 57. Re6+ Kf7 58. Qe5 1-0

[Event "29th Czech Open B 2018"]
[Site "Pardubice CZE"]
[Date "2018.07.24"]
[Round "5.24"]
[White "Smirnov, Boris"]
[Black "Jun, Rudolf Jr."]
[Result "1-0"]
[WhiteElo "2200"]
[BlackElo "1931"]
[WhiteFideId "4149971"]
[BlackFideId "376612"]
[EventDate "2018.07.20"]

1. e4 c5 2. Nc3 e6 3. Nf3 d6 4. d4 cxd4 5. Nxd4 a6 6. Bc4 Nf6 7. Bb3 Be7 8. Be3
O-O 9. O-O Qc7 10. f4 Nc6 11. Qf3 Re8 12. f5 e5 13. Nde2 b5 14. a3 Na5 15. g4
Nxb3 16. cxb3 Bb7 17. Rac1 Qd8 18. g5 Nd7 19. Qg4 Rc8 20. f6 Bf8 21. fxg7 Bxg7
22. Rf3 Nf8 23. Rcf1 d5 24. Rxf7 Ba8 25. Qh3 Ne6 26. Ng3 Nf4 27. Rxg7+ Kxg7 28.
Qh6+ Kh8 29. Rxf4 Rc6 30. Rf6 Rxf6 31. gxf6 Qd7 32. exd5 Rg8 33. Qh5 Bxd5 34. f7
Rxg3+ 35. hxg3 Bxf7 36. Qxe5+ Kg8 37. Bd4 Kf8 38. Qg7+ Ke7 39. Qf6+ Ke8 40. Ne4 1-0

[Event "29th Czech Open B 2018"]
[Site "Pardubice CZE"]
[Date "2018.07.24"]
[Round "5.25"]
[White "Maslak, Alexander"]
[Black "Wiesner, Alexander"]
[Result "0-1"]
[WhiteElo "2154"]
[BlackElo "1918"]
[WhiteFideId "4130871"]
[BlackFideId "12943991"]
[EventDate "2018.07.20"]

1. e4 c5 2. Nf3 Nc6 3. d4 cxd4 4. Nxd4 Nf6 5. Nc3 e5 6. Ndb5 d6 7. Bg5 a6 8. Na3
b5 9. Bxf6 gxf6 10. Nd5 f5 11. c3 Bg7 12. exf5 Bxf5 13. Nc2 O-O 14. Nce3 Be6 15.
Bd3 f5 16. Qh5 e4 17. Bc2 Be5 18. f4 exf3 19. gxf3 Ra7 20. Rg1+ Kh8 21. f4 Bg7
22. O-O-O Raf7 23. Rg6 Qe8 24. Nc7 Rxc7 0-1

[Event "29th Czech Open B 2018"]
[Site "Pardubice CZE"]
[Date "2018.07.24"]
[Round "5.26"]
[White "Ochirbat, Lkhagvajamts"]
[Black "Alieva, Alexandra"]
[Result "1/2-1/2"]
[WhiteTitle "CM"]
[BlackTitle "WFM"]
[WhiteElo "1933"]
[BlackElo "2137"]
[WhiteFideId "4903153"]
[BlackFideId "24133353"]
[EventDate "2018.07.20"]

1. Nf3 Nf6 2. c4 c5 3. g3 Nc6 4. Bg2 g6 5. b3 Bg7 6. Bb2 O-O 7. O-O Rb8 8. Nc3
e6 9. d4 cxd4 10. Nxd4 d5 11. cxd5 exd5 12. Nxc6 bxc6 13. Na4 Re8 14. e3 Bf5 15.
Rc1 Rc8 16. Bd4 Qe7 17. Qe2 Ne4 18. Bxg7 Kxg7 19. Qb2+ Kg8 20. Rfd1 Red8 21. Nc5
Ng5 22. h4 Ne4 23. Qd4 Nd6 24. Qa4 h5 25. Qa6 Bg4 26. Rd2 Nf5 27. Qd3 d4 28. e4
Ng7 29. Rc4 Ne6 30. Nxe6 Bxe6 31. Rxd4 Rxd4 32. Qxd4 c5 33. Qd6 Qxd6 34. Rxd6 c4
35. bxc4 Rxc4 36. Ra6 Rc1+ 37. Kh2 Rc2 38. Rxa7 Bxa2 39. Kg1 Rc1+ 40. Kh2 Rc2
41. f3 Rb2 42. Rc7 Bb1 43. Rc3 Ba2 44. g4 hxg4 45. fxg4 Be6 46. g5 Kg7 47. Kg3
Ra2 48. Bf3 Ra5 49. Kf4 Ra4 50. h5 gxh5 51. Bxh5 Bd5 52. Bf3 Kg6 53. Rc5 Be6 1/2-1/2

[Event "29th Czech Open B 2018"]
[Site "Pardubice CZE"]
[Date "2018.07.24"]
[Round "5.27"]
[White "Flek, Vladislav"]
[Black "Balenovic, Zvonimir"]
[Result "1/2-1/2"]
[BlackTitle "FM"]
[WhiteElo "1922"]
[BlackElo "2114"]
[WhiteFideId "318175"]
[BlackFideId "14501252"]
[EventDate "2018.07.20"]

1. e4 d6 2. d4 Nf6 3. Nc3 g6 4. Bg5 Bg7 5. Qd2 c6 6. f4 b5 7. Bd3 b4 8. Nce2 Qb6
9. Nf3 Ba6 10. c3 bxc3 11. bxc3 Bxd3 12. Qxd3 Nbd7 13. O-O d5 14. e5 Ne4 15. a4
a5 16. Rab1 Qa7 17. c4 e6 18. Nc3 h6 19. Bh4 Nxc3 20. Qxc3 O-O 21. c5 Rfb8 22.
Be7 Rxb1 23. Rxb1 Nxe5 24. Nxe5 Bxe5 25. fxe5 Qxe7 26. Rb6 Qc7 27. Qb2 Ra7 28.
Qf2 Rb7 29. Qb2 Ra7 30. Qf2 Rb7 1/2-1/2

[Event "29th Czech Open B 2018"]
[Site "Pardubice CZE"]
[Date "2018.07.24"]
[Round "5.28"]
[White "Adloff, Ralf"]
[Black "Jirousek, Jan"]
[Result "1-0"]
[WhiteElo "2091"]
[BlackElo "1910"]
[WhiteFideId "24608696"]
[BlackFideId "378771"]
[EventDate "2018.07.20"]

1. e4 c6 2. d4 d5 3. exd5 cxd5 4. Bd3 Nc6 5. c3 Nf6 6. Bf4 g6 7. Nf3 Bg7 8. Nbd2
O-O 9. h3 Bf5 10. Bxf5 gxf5 11. Qc2 Ne4 12. g4 e6 13. gxf5 exf5 14. O-O Kh8 15.
Kh2 Rg8 16. Rg1 Qd7 17. Rg2 Bf6 18. Rag1 Rg6 19. Nf1 Rc8 20. Qe2 Re8 21. Ne3 a6
22. Qc2 Rc8 23. Qb3 Rd8 24. Qd1 b5 25. a3 a5 26. h4 a4 27. h5 Rxg2+ 28. Rxg2 Rg8
29. Rxg8+ Kxg8 30. Qf1 Ne7 31. Qg2+ Bg7 32. Ne5 Qe6 33. h6 Ng6 34. Nxg6 fxg6 35.
hxg7 Kxg7 36. Be5+ Kg8 37. f3 Nd6 38. Qg5 1-0

[Event "29th Czech Open B 2018"]
[Site "Pardubice CZE"]
[Date "2018.07.24"]
[Round "5.29"]
[White "Spindler, Florian"]
[Black "Kourek, Josef"]
[Result "0-1"]
[WhiteElo "1911"]
[BlackElo "2080"]
[WhiteFideId "12964387"]
[BlackFideId "304107"]
[EventDate "2018.07.20"]

1. e4 c5 2. Nf3 d6 3. Bb5+ Nc6 4. O-O Bd7 5. Re1 g6 6. c3 Bg7 7. d4 a6 8. Bxc6
Bxc6 9. d5 Bd7 10. e5 dxe5 11. Nxe5 Nf6 12. d6 Be6 13. Bf4 exd6 14. Nc4 O-O 15.
Nxd6 Qd7 16. Na3 b5 17. h3 Qc6 18. Qc2 Rad8 19. Ne4 Nxe4 20. Qxe4 Qxe4 21. Rxe4
b4 22. Bg5 bxc3 0-1

[Event "29th Czech Open B 2018"]
[Site "Pardubice CZE"]
[Date "2018.07.24"]
[Round "5.30"]
[White "Laubrock, Paul"]
[Black "Loecken, Siegfried"]
[Result "0-1"]
[WhiteElo "1908"]
[BlackElo "2076"]
[WhiteFideId "1270509"]
[BlackFideId "24648159"]
[EventDate "2018.07.20"]

1. d4 Nf6 2. Nc3 c5 3. d5 Qa5 4. f3 b5 5. e4 b4 6. Nce2 e6 7. c4 d6 8. Bd2 Qc7
9. a3 exd5 10. exd5 Na6 11. axb4 Nxb4 12. Bxb4 cxb4 13. Qa4+ Bd7 14. Qxb4 g6 15.
Ra3 Bh6 16. Qc3 Qd8 17. g3 O-O 18. Bh3 Re8 19. Bxd7 Nxd7 20. f4 Bg7 21. Qd2 Rb8
22. b4 Qb6 23. Ra4 Re4 24. Qd3 Rbe8 25. Kf1 Re3 26. Qc2 a5 27. bxa5 Qa7 28. Ra2
Nc5 29. Nc1 Rc3 30. Qd1 Qa6 31. Re2 Qxc4 32. Kg2 Rb8 33. Re1 Nd3 34. Nxd3 Rxd3
35. Qe2 Rb2 0-1

[Event "29th Czech Open B 2018"]
[Site "Pardubice CZE"]
[Date "2018.07.25"]
[Round "6.1"]
[White "Gabr, Mohsen"]
[Black "Aliferenko, Aleksei"]
[Result "0-1"]
[WhiteTitle "FM"]
[WhiteElo "2287"]
[BlackElo "2211"]
[WhiteFideId "10619593"]
[BlackFideId "14111977"]
[EventDate "2018.07.20"]

1. c4 g6 2. Nc3 Bg7 3. g3 Nf6 4. Bg2 O-O 5. Nf3 c6 6. O-O d5 7. cxd5 cxd5 8. d4
Ne4 9. Ng5 Nxc3 10. bxc3 Nc6 11. e4 dxe4 12. Nxe4 Bd7 13. Nc5 b6 14. Nxd7 Qxd7
15. Qe2 Rac8 16. Rd1 Na5 17. Bd2 e6 18. Be1 Rfe8 19. h4 Nc4 20. a4 Qc7 21. h5 e5
22. hxg6 hxg6 23. Qa2 e4 24. Rab1 e3 25. Rd3 Bh6 26. f4 g5 27. fxg5 Bxg5 28. Qe2
Kg7 29. Rb5 f6 30. Qg4 Qe7 31. Rf5 Nb2 32. Rd5 Rc7 33. Qe2 Nxd3 34. Qxd3 e2 35.
Bf3 Qe3+ 36. Qxe3 Bxe3+ 37. Kg2 Bd2 38. Bxd2 e1=Q 39. Bxe1 Rxe1 40. c4 Rxc4 41.
Rd7+ Kg6 42. Rxa7 Rxd4 43. a5 Rd2+ 44. Kh3 Re3 45. Bc6 bxa5 46. Rxa5 Rdd3 47.
Kh4 f5 48. Ra8 Rc3 49. Bd5 f4 50. gxf4 Rh3+ 0-1

[Event "29th Czech Open B 2018"]
[Site "Pardubice CZE"]
[Date "2018.07.25"]
[Round "6.2"]
[White "Mirzoeva, Elmira"]
[Black "Yakimenko, Alexander A."]
[Result "1-0"]
[WhiteTitle "WGM"]
[WhiteElo "2249"]
[BlackElo "2035"]
[WhiteFideId "4127951"]
[BlackFideId "24141917"]
[EventDate "2018.07.20"]

1. Nf3 d6 2. d4 g6 3. c4 Bg7 4. Nc3 Nd7 5. e4 c6 6. Be2 Qc7 7. O-O Ngf6 8. h3
O-O 9. Be3 b6 10. Qd2 Bb7 11. d5 c5 12. Bf4 Rad8 13. Rfe1 Ne5 14. Nh2 e6 15. Bg5
exd5 16. cxd5 Rde8 17. f4 Ned7 18. Bc4 a6 19. a4 h6 20. Bh4 Nh7 21. Nf3 Kh8 22.
Rad1 Qb8 23. Re2 f6 24. Rde1 g5 25. Bg3 gxf4 26. Bxf4 Ng5 27. Nh4 Kh7 28. Qd3
Ne5 29. Bxe5 fxe5 30. Nf5 Bf6 31. Bxa6 Bxa6 32. Qxa6 Rg8 33. Kh2 Nf7 34. Qb5 Qc7
35. Rf1 Bd8 36. Qc6 Qb8 37. Qd7 Qc7 38. Qc6 Qb8 39. Nb5 Ref8 40. Ref2 Ng5 41.
Nfxd6 Rxf2 42. Rxf2 Kh8 43. Qd7 Rg7 44. Rf8+ Rg8 45. Rxg8+ Kxg8 46. h4 Nh7 47.
Qf7+ Kh8 48. Qg6 1-0

[Event "29th Czech Open B 2018"]
[Site "Pardubice CZE"]
[Date "2018.07.25"]
[Round "6.3"]
[White "Lucovnik, Tilen"]
[Black "Taranenko, Evgueniy"]
[Result "1/2-1/2"]
[WhiteElo "2077"]
[BlackElo "2204"]
[WhiteFideId "14608960"]
[BlackFideId "14122138"]
[EventDate "2018.07.20"]

1. e4 Nc6 2. Nf3 d6 3. d4 Nf6 4. Nc3 g6 5. h3 Bg7 6. Be3 O-O 7. Qd2 a6 8. a4 e5
9. dxe5 Nxe5 10. Nxe5 dxe5 11. Qxd8 Rxd8 12. Bc4 Bd7 13. O-O Bf8 14. Bg5 Kg7 15.
f4 Bc5+ 16. Kh2 Bd6 17. Bxf6+ Kxf6 18. fxe5+ Kxe5 19. Bxf7 Rf8 20. Rad1 Bc6 21.
g3 Rad8 22. Bd5 Bb4 23. Rxf8 Rxf8 24. Bxc6 bxc6 25. Kg2 Bxc3 26. bxc3 Rf7 27.
Rd4 g5 28. Rc4 Kd6 29. Rd4+ Ke5 30. Rc4 Kd6 31. Rd4+ 1/2-1/2

[Event "29th Czech Open B 2018"]
[Site "Pardubice CZE"]
[Date "2018.07.25"]
[Round "6.4"]
[White "Novak, Ales"]
[Black "Doberitz, Paul"]
[Result "1/2-1/2"]
[WhiteElo "2071"]
[BlackElo "2178"]
[WhiteFideId "315397"]
[BlackFideId "24646130"]
[EventDate "2018.07.20"]

1. d4 Nf6 2. Bg5 g6 3. Bxf6 exf6 4. c4 Bg7 5. g3 O-O 6. Bg2 d6 7. e3 Nc6 8. Ne2
Bd7 9. O-O Rb8 10. Nbc3 a6 11. Nf4 Ne7 12. b4 b6 13. Rb1 f5 14. Qd2 Bc6 15. Nfd5
Ba8 16. Rfc1 c6 17. Nf4 Qd7 18. Nd3 h5 19. c5 dxc5 20. bxc5 b5 21. h4 1/2-1/2

[Event "29th Czech Open B 2018"]
[Site "Pardubice CZE"]
[Date "2018.07.25"]
[Round "6.5"]
[White "Pekar, Vaclav"]
[Black "Rozmanov, Aleksandr"]
[Result "1-0"]
[WhiteElo "2162"]
[BlackElo "2075"]
[WhiteFideId "323799"]
[BlackFideId "34136026"]
[EventDate "2018.07.20"]

1. d4 d5 2. Bf4 Nf6 3. e3 e6 4. Nd2 Bd6 5. Bg3 Bxg3 6. hxg3 b6 7. Ngf3 Bb7 8.
Bd3 Nbd7 9. Qe2 Qe7 10. e4 dxe4 11. Nxe4 h6 12. O-O-O O-O-O 13. Nxf6 Nxf6 14.
Ba6 Rd6 15. Ne5 Rhd8 16. Qf3 c6 17. Nxc6 Qd7 18. Bxb7+ Qxb7 19. Nxd8 Qxf3 20.
gxf3 Kxd8 21. b3 1-0

[Event "29th Czech Open B 2018"]
[Site "Pardubice CZE"]
[Date "2018.07.25"]
[Round "6.6"]
[White "Itgelt, Khuyagtsogt"]
[Black "Gramb, Marius"]
[Result "1-0"]
[WhiteElo "2018"]
[BlackElo "2123"]
[WhiteFideId "4902912"]
[BlackFideId "24656593"]
[EventDate "2018.07.20"]

1. d4 Nf6 2. c4 e6 3. Nf3 d5 4. g3 Bb4+ 5. Nc3 O-O 6. Bg2 dxc4 7. O-O Nbd7 8.
Qa4 Qe7 9. a3 Bxc3 10. bxc3 Nb6 11. Qc2 Rd8 12. a4 a5 13. Ne5 Nfd7 14. Ba3 Qe8
15. Ng4 e5 16. d5 Nf8 17. Ne3 Bd7 18. Qe4 Ng6 19. h4 Bxa4 20. h5 Nh8 21. Nf5 Nc8
22. h6 gxh6 23. Nxh6+ Kg7 24. Nf5+ Kg8 25. Qh4 Bd7 26. g4 Bxf5 27. gxf5 f6 28.
f4 Nd6 29. e4 Qe7 30. Rf3 Kf8 31. Bc5 Ke8 32. fxe5 fxe5 33. f6 Qf7 34. Bh3 Ng6
35. Qh5 Nf8 36. Qxe5+ Ne6 37. Bxe6 Qg6+ 38. Rg3 Qxe4 39. Rg8# 1-0

[Event "29th Czech Open B 2018"]
[Site "Pardubice CZE"]
[Date "2018.07.25"]
[Round "6.7"]
[White "Boehning, Kilian"]
[Black "Sidorika, Vladislav"]
[Result "0-1"]
[WhiteElo "2122"]
[BlackElo "2066"]
[WhiteFideId "1270499"]
[BlackFideId "14145928"]
[EventDate "2018.07.20"]

1. d4 Nf6 2. Nf3 d5 3. Bf4 c5 4. e3 Nc6 5. c3 Qb6 6. Qb3 c4 7. Qc2 Bf5 8. Qc1 e6
9. Nbd2 Qd8 10. Bg3 Be7 11. Ne5 Nxe5 12. Bxe5 O-O 13. Be2 Bd6 14. Bxd6 Qxd6 15.
f4 Ne4 16. O-O b5 17. Bf3 Nxd2 18. Qxd2 Bd3 19. Rfe1 f5 20. a4 a6 21. b4 a5 22.
bxa5 Rxa5 23. axb5 Rxb5 24. Be2 Be4 25. Bf3 Bxf3 26. gxf3 Rfb8 27. Qf2 Rb2 28.
Qh4 Qd7 29. Kh1 Rc2 30. Ra3 h6 31. Rg1 Kh8 32. Qg3 Qf7 33. Ra6 Rxc3 34. Rxe6
Rcb3 35. Rd6 R8b7 36. Qh3 Kh7 37. Rc6 Rb1 38. Qg3 Rxg1+ 39. Kxg1 Qe8 40. Rd6
Qxe3+ 41. Kg2 Qe8 42. Ra6 Rb2+ 43. Kh1 c3 0-1

[Event "29th Czech Open B 2018"]
[Site "Pardubice CZE"]
[Date "2018.07.25"]
[Round "6.8"]
[White "Mueller-Ludwig, Kristin"]
[Black "Slonimskij, Arkadij"]
[Result "1/2-1/2"]
[WhiteTitle "WFM"]
[WhiteElo "2019"]
[BlackElo "2114"]
[WhiteFideId "4628691"]
[BlackFideId "4113420"]
[EventDate "2018.07.20"]

1. e4 Nf6 2. e5 Nd5 3. d4 d6 4. c4 Nb6 5. exd6 exd6 6. Nf3 Bg4 7. Be2 Nc6 8. O-O
Be7 9. Re1 O-O 10. Nc3 Bf6 11. c5 Nd7 12. cxd6 cxd6 13. Be3 Nb6 14. Rc1 Re8 15.
a3 d5 16. b3 Rc8 17. Qd3 g6 18. h3 Bf5 19. Qd2 Be7 20. Ra1 Na5 21. Bd1 Nc6 22.
Bf4 Qd7 23. Be5 f6 24. Bg3 Bd6 25. Bxd6 Qxd6 26. Nb5 Qd7 27. Qf4 Re4 28. Qd6 Rd8
29. Qxf6 a6 30. Nc3 Rxe1+ 31. Nxe1 Qg7 32. Qxg7+ Kxg7 33. Nf3 Be4 34. Ng5 Bf5
35. Bg4 h6 36. Bxf5 hxg5 37. Bg4 Nxd4 38. Rd1 Nc6 39. Bf3 d4 40. Ne4 Rd5 41. b4
Ne5 42. Nxg5 Nxf3+ 43. Nxf3 d3 44. Nd2 Kf6 45. f4 Ke6 46. g4 Rd4 47. Nf3 Rxf4
48. Rxd3 Nd5 49. Kf2 Rc4 50. Nd2 Rc3 51. Rxc3 Nxc3 52. h4 Ke5 53. Kf3 b5 54. h5
gxh5 55. gxh5 Nd5 56. Ne4 Kf5 57. Nc5 Nb6 58. Nxa6 Nc4 59. Nc7 Nxa3 60. Nd5 Kg5
61. Ke3 Nb1 1/2-1/2

[Event "29th Czech Open B 2018"]
[Site "Pardubice CZE"]
[Date "2018.07.25"]
[Round "6.9"]
[White "Galicek, Stanislav"]
[Black "Haase, Pavel"]
[Result "1-0"]
[BlackTitle "CM"]
[WhiteElo "2089"]
[BlackElo "1994"]
[WhiteFideId "316342"]
[BlackFideId "360392"]
[EventDate "2018.07.20"]

1. d4 Nf6 2. Nf3 g6 3. g3 Bg7 4. Bg2 O-O 5. O-O d6 6. c4 Nbd7 7. Nc3 e5 8. e4
exd4 9. Nxd4 Nc5 10. h3 Re8 11. Re1 Nfd7 12. Be3 Ne5 13. b3 c6 14. Qc2 Ned3 15.
Red1 Nb4 16. Qb1 Ne6 17. a3 Na6 18. Qc2 Qe7 19. Rd2 Nac7 20. Rad1 Rd8 21. Nde2
Ne8 22. f4 f5 23. Kh2 fxe4 24. Nxe4 N8c7 25. Bd4 Bxd4 26. Rxd4 d5 27. cxd5 Rxd5
28. Ng5 Rxd4 29. Nxd4 Ng7 30. Qc4+ Be6 31. Ndxe6 Ncxe6 32. Re1 Re8 33. h4 Qd7
34. a4 Kh8 35. Bh3 b5 36. Qc3 Qd4 37. Qc2 Nxg5 38. Rxe8+ Nxe8 39. hxg5 c5 40.
axb5 Nd6 41. Qe2 Nf5 42. Bxf5 gxf5 43. Qe8+ Kg7 44. Qe7+ Kg8 45. Qe6+ Kg7 46.
Qxf5 Qf2+ 47. Kh3 Qf1+ 48. Kh4 Qh1+ 49. Qh3 Qd1 50. Qg2 h5 51. gxh6+ Kxh6 52.
Qc6+ Kg7 53. Qxc5 Qh1+ 54. Kg5 Qh6+ 55. Kg4 Qe6+ 56. Qf5 Qxb3 57. Qd7+ Kf6 58.
Qc6+ Kf7 59. Qb7+ Ke6 60. Qa6+ Kd5 61. Qxa7 Qxb5 62. Qf7+ Kd4 63. Qe6 Qf1 64.
Kg5 Qc1 65. g4 Kd3 66. Kg6 Qxf4 67. Qf5+ 1-0

[Event "29th Czech Open B 2018"]
[Site "Pardubice CZE"]
[Date "2018.07.25"]
[Round "6.10"]
[White "Krumina, Linda"]
[Black "Barak, Gil"]
[Result "1-0"]
[WhiteTitle "WFM"]
[WhiteElo "2086"]
[BlackElo "1993"]
[WhiteFideId "11601701"]
[BlackFideId "2812690"]
[EventDate "2018.07.20"]

1. d4 d5 2. c4 e6 3. Nc3 c5 4. cxd5 exd5 5. Nf3 Nc6 6. g3 Nf6 7. Bg2 Be7 8. O-O
O-O 9. dxc5 Bxc5 10. a3 Re8 11. b4 Bb6 12. Bb2 Bg4 13. Na4 Qe7 14. Nxb6 axb6 15.
Re1 Rad8 16. Rc1 Bxf3 17. Bxf3 Ne5 18. Bg2 Nc4 19. Bxf6 Qxf6 20. Bxd5 Ne5 21.
Qb3 Qe7 22. Rc2 Rd7 23. Rec1 Red8 24. Rc8 g6 25. e4 Ng4 26. Qd3 Ne5 27. Qe3 Kg7
28. Rxd8 Rxd8 29. Qxb6 Rxd5 30. exd5 Nf3+ 31. Kg2 Qe4 32. Qe3 Nh4+ 33. Kf1 Qg2+
34. Ke2 Nf5 35. Qe5+ Kh6 36. d6 Qxh2 37. Qf4+ Kg7 38. d7 Nxg3+ 39. Qxg3 Qh5+ 40.
Kd2 Qd5+ 41. Qd3 Qg5+ 42. Kc2 Qd8 43. Kb3 b5 44. Qd4+ f6 45. Rc8 Qe7 46. d8=Q 1-0

[Event "29th Czech Open B 2018"]
[Site "Pardubice CZE"]
[Date "2018.07.25"]
[Round "6.11"]
[White "Kuzmin, G."]
[Black "Vinokur, Leonid"]
[Result "1-0"]
[WhiteElo "2298"]
[BlackElo "1684"]
[WhiteFideId "4132041"]
[BlackFideId "34171557"]
[EventDate "2018.07.20"]

1. d4 d5 2. c4 c6 3. Nf3 Nf6 4. Nc3 e6 5. Bg5 Nbd7 6. e3 Qa5 7. Nd2 Bb4 8. Qc2
O-O 9. Bh4 b5 10. c5 e5 11. Nb3 Qc7 12. a3 Bxc3+ 13. bxc3 a5 14. Be2 Re8 15. O-O
Ne4 16. Bd3 Nef6 17. f3 e4 18. fxe4 dxe4 19. Be2 Nd5 20. Qd2 N7f6 21. Bg3 Qb7
22. c4 bxc4 23. Bxc4 a4 24. Nc1 Be6 25. Ba2 Ng4 26. Rb1 Qa6 27. Bxd5 Bxd5 28.
Rb6 Qc4 29. h3 Nf6 30. Qb2 h6 31. Rf2 Nd7 32. Rb7 Be6 33. Ne2 g5 34. Nc3 Qd3 35.
Qd2 Qa6 36. Rb4 f5 37. Bd6 Qc8 38. d5 cxd5 39. Nxd5 Nxc5 40. Nf6+ Kf7 41. Qd4
Nb3 42. Qb2 Rd8 43. Rc2 Qa6 44. Rc7+ Kg6 45. Rg7+ Kxg7 46. Ne8+ 1-0

[Event "29th Czech Open B 2018"]
[Site "Pardubice CZE"]
[Date "2018.07.25"]
[Round "6.12"]
[White "Folkova, Martina"]
[Black "Filipenko, Alexander V"]
[Result "0-1"]
[WhiteTitle "WFM"]
[BlackTitle "IM"]
[WhiteElo "1999"]
[BlackElo "2266"]
[WhiteFideId "304271"]
[BlackFideId "4104471"]
[EventDate "2018.07.20"]

1. e4 c5 2. Nf3 Nc6 3. d4 cxd4 4. Nxd4 Nf6 5. Nc3 d6 6. Bc4 e6 7. Be3 Be7 8. Qe2
O-O 9. O-O-O Bd7 10. Kb1 Qb8 11. f3 a6 12. g4 b5 13. Bb3 Nxd4 14. Bxd4 a5 15. e5
dxe5 16. Bxe5 Qb7 17. g5 Ne8 18. a4 Bc6 19. Rhf1 bxa4 20. Nxa4 Bxg5 21. Nc5 Qb5
22. Qf2 a4 23. Ba2 Bf6 24. f4 g6 25. h4 Bxe5 26. fxe5 Ng7 27. Rd2 Rac8 28. Re1
Bd5 29. Ne4 Bxe4 30. Rxe4 Rc5 31. Qe1 Rb8 32. c4 Qa5 33. Qd1 h5 34. Re3 Nf5 35.
Ra3 Ra8 36. Bb3 Qb6 37. Rxa4 Rb8 38. Ra3 Rxe5 39. Ba2 Re3 40. Rxe3 Qxe3 41. Ka1
Kg7 42. Rd7 Nxh4 43. Qc2 Rc8 44. Rd3 Qe1+ 45. Rd1 Qe5 46. Kb1 Nf5 47. Qd3 Rb8
48. Qd2 h4 49. b4 h3 50. Re1 Qd4 51. Qxd4+ Nxd4 52. b5 g5 53. Kb2 Nxb5 54. cxb5
Rxb5+ 55. Kc3 g4 56. Rh1 Rh5 57. Bb1 f5 0-1

[Event "29th Czech Open B 2018"]
[Site "Pardubice CZE"]
[Date "2018.07.25"]
[Round "6.13"]
[White "Paldus, Petr"]
[Black "Smirnov, Boris"]
[Result "0-1"]
[WhiteElo "1982"]
[BlackElo "2200"]
[WhiteFideId "317950"]
[BlackFideId "4149971"]
[EventDate "2018.07.20"]

1. e4 c5 2. b3 e5 3. g3 d5 4. exd5 Qxd5 5. Qf3 Qd8 6. Bb5+ Nd7 7. Bb2 Bd6 8. Nc3
Nf6 9. Ne4 Nxe4 10. Qxe4 O-O 11. Ne2 Nf6 12. Qg2 Bf5 13. O-O-O a6 14. Bc4 b5 15.
Bd5 Nxd5 16. Qxd5 c4 17. Nc3 Rc8 18. Ne4 Bb8 19. Qxd8 Rfxd8 20. f3 a5 21. bxc4
Rxc4 22. d3 Rc6 23. Kb1 h6 24. h4 f6 25. g4 Bg6 26. Rhe1 Ba7 27. Re2 Bd4 28.
Bxd4 Rxd4 29. c3 Bxe4 30. fxe4 Rxc3 31. Rc2 Rdxd3 32. Rxd3 Rxd3 33. Rc8+ Kh7 34.
Rc5 b4 35. Rxa5 h5 36. gxh5 Rd4 37. Kb2 Rxe4 38. Rb5 f5 39. Kb3 f4 40. Rb8 f3 0-1

[Event "29th Czech Open B 2018"]
[Site "Pardubice CZE"]
[Date "2018.07.25"]
[Round "6.14"]
[White "Brenninger, Daniel"]
[Black "Adloff, Ralf"]
[Result "1/2-1/2"]
[WhiteElo "1975"]
[BlackElo "2091"]
[WhiteFideId "864129"]
[BlackFideId "24608696"]
[EventDate "2018.07.20"]

1. e4 d6 2. d4 Nf6 3. Nc3 e5 4. Nge2 Be7 5. h3 h5 6. Be3 c6 7. a4 a5 8. g3 Na6
9. Bg2 Nb4 10. O-O Be6 11. b3 d5 12. dxe5 Nxe4 13. Nxe4 dxe4 14. Bxe4 Bxh3 15.
Qxd8+ Bxd8 16. Rfd1 h4 17. c3 Nd5 18. Bd4 hxg3 19. Nxg3 1/2-1/2